000 00505nam a2200181Ia 4500
005 20250326141744.0
008 250326s9999 xx 000 0 und d
037 _aTextbook
040 _aFMSL
_beng
_cFMSL
041 _aeng
_2eng
084 _qFMSL
100 _aSingh Radha Ramaan
_9503914
245 0 _aIndian economy : planning and changing dimensions
_cSingh Radha Ramaan
260 _aNew Delhi
_bNew Delhi, Deep & Deep
_c1988
300 _a387p
942 _cTB
999 _c1291816
_d1291816